000 00582nam a2200205Ia 4500
005 20250508164737.0
008 008 250505s9999 xx 000 0 eng d
020 _a978-0-415-33850-9
037 _aTextual
040 _aFEDL
_beng
_cFEDL
041 _aeng
_2eng
084 _a306.44, LLA
_qFEDL
100 _aLlamas Carmen and others Ed.
_9779042
245 0 _aRoutledge companion to sociolinguistics
260 _aNew York, USA
_bRoutledge
_c2007
300 _axix,271p.
365 _aGBP
_b14.99
942 _cTEXL
_h306.44, LLA
999 _c1390866
_d1390866